1727 1672 1562 1859 1826 1252 1640 1865 1742 1310 1183 1444 1872 1770 1513 1749 1304 1209 1916 1218 1464 1101 1001 1873 1134 1273 1920 1947 1314 1136 1032 1065 1304 1203 1343 1961 1891 1911 1027 1635 1965 1480 1626 1676 1143 1766 1696 1512 1107 1220 1136 1257 1242 1920 1950 1433 1463 1799 1339 1028 1286 1658 1627 1984 1885 1184 1384 1048 1609 1898 1523 1473 1243 1074 1747 1065 1898 1016 1893 1258 1203 1799 1885 1214 1816 1052 1443 1324 1798 1269 1502 1578 1057 1924 1594 1728 1624 1384 1374 BCNSPRNW ULIB Ver.6.0+V

เปลี่ยนเป็นภาษาไทย

Change to English
 แสดงรายละเอียดบรรณานุกรม
  กลับหน้าหลัก

Brief Record : Get Marc (ISO 2709) : E-mail record : QR code < ปิดหน้าต่าง
LEADER : 00000nam 2200000uu 4500
001    13399123016
003     ULIB
008    131128s2555||||th 000 0 tha d
020    ^a9786162142574
090    ^aนว^bพ187พ ล.15
100 0  ^aพนมเทียน
245 10 ^aเพชรพระอุมา:อาถรรพ์นิทรานคร เล่ม 3/^cพนมเทียน
250    ^aพิมพ์รวมเล่มครั้งที่ 6
260    ^aกรุงเทพฯ :^bณ บ้านวรรณกรรม,^c2555
505 00 ^a^gล.1-4^tไพรมหากาฬ --^gล.5-8^tดงมรณะ -- ^gล.9-12^tจอมผีดิบมันตรัย -- ^gล.13-16^tอาถรรพณ์นิทรานคร -- ^gล.17-20^tป่าโลกล้านปี -- ^gล.21-24^tแงซายจอมจักรา -- ^gล.25-28^tจอมพราน -- ^gล.29-32^tไอ้งาดำ -- ^gล.33-36^tจิตรางคนางค์-- ^gล.37-40^tนาคเทวี -- ^gล.41-44^tแด่ปางบรรพ์ -- ^gล.45-48^tมงกุฎไพร
650  4 ^aนวนิยายไทย
945    ^p225^l0^i034219
999    ^aเกษร โพธิ์สุวรรณ
รายการนี้ยังไม่มีแท็ก
คุณยังไม่ได้ล็อกอิน คุณสามารถมีกิจกรรมร่วมกับเว็บไซต์ได้ แต่ต้องล็อกอินก่อน ::
  ล็อกอิน

รายการสื่อสารสนเทศ

ลำดับที่ ประเภท เลขเรียก/บาร์โค้ด สถานที่ สถานะ
1. นวนิยาย
นวนิยาย
นว พ187พ ล.15  
  Barcode: 034219
ห้องสมุดวิทยาเขตสวรรค์ประชารักษ์
►นวนิยาย
บนชั้น
  ขอยืม

รายการใกล้เคียง
    ผู้แต่ง [พนมเทียน]

    หัวเรื่อง [นวนิยายไทย]

BibComment


ยังไม่เคยถูกคอมเมนท์

คอมเมนท์ทรัพยากรรายการนี้
  คอมเมนท์: เพชรพระอุมาอาถรร..


 Copyright 2026. Bcnsprnw @Library